عرض عادي عرض مارك
  • مجتمع المعلومات

مدخل مصطلح موضوعي

عدد التسجيلات المستخدمة في: 1

001 - رقم الضبط

  • حقل الضبط: 87400

003 - معرف رقم الضبط

  • حقل الضبط: OSt

005 - تاريخ ووقت أخر عملية

  • حقل الضبط: 20200928095314.0

008 - عناصر بيانات ثابتة الطول

  • حقل تحكم ثابت الطول: 200928|| aca||aabn | a|a d

040 ## - مصدر الفهرسة

  • هيئة الفهرسة الأصلية: OSt
  • وكالة الكتابة: OSt

150 ## - مدخل-- مصطلح تاريخي

  • عنصر مدخل المصطلح الموضوعي او الاسم الجغرافي: مجتمع المعلومات

670 ## - بيانات المصدر موجوده

  • الاستشهاد بالمصدر: Work cat.: (OSt): عبد الهادي، محمد فتحي، 1943- مؤلف. 87399, علم المعرفة من منظور معلوماتي /